Normal view
MARC view
- BARNET,SYLVAN
Entry Personal Name
001 - CONTROL NUMBER
- control field: 132664
003 - CONTROL NUMBER IDENTIFIER
- control field: NUST
005 - DATE AND TIME OF LATEST TRANSACTION
- control field: 20260101105334.0
008 - FIXED-LENGTH DATA ELEMENTS
- fixed length control field: 260101|| aca||aabn | a|a d
040 ## - CATALOGING SOURCE
- Original cataloging agency: NUST
- Transcribing agency: NUST
100 ## - HEADING--PERSONAL NAME
- Personal name: BARNET,SYLVAN
670 ## - SOURCE DATA FOUND
- Source citation: Work cat.: (NUST): BARNET,SYLVAN., CRITICAL THINKING READING & WRITING A BRIEF GUIDE TO ARGUMENT /, 1996.
